书目信息 |
| 题名: |
网络大趋势
|
|
| 作者: | 马建广 , 刘纯华 著 | |
| 分册: | ||
| 出版信息: | 北京 华文出版社 2000 |
|
| 页数: | 334页 | |
| 开本: | 20cm | |
| 丛书名: | ||
| 单 册: | ||
| 中图分类: | G301 , TP393.4 | |
| 科图分类: | ||
| 主题词: | 互连网络--影响--社会生活 , 互连网络 , 社会生活 | |
| 电子资源: | ||
| ISBN: | 7-5075-0045-4 | |
| 000 | 01222nam0 2200337 45 | |
| 001 | (011001)c2001000045 | |
| 005 | 20001229082014.5 | |
| 009 | (011001)c2001000045 | |
| 010 | @a7-5075-0045-4@dCNY18.50 | |
| 035 | @a(011001)c2001000045 | |
| 035 | @a(011001)y2000012885 | |
| 092 | @as589-279 | |
| 100 | @a20001122d2000 em y0chiy0120 ea | |
| 101 | 0 | @achi |
| 102 | @aCN@b110000 | |
| 105 | @ay z 000yy | |
| 200 | 1 | @a网络大趋势@e网络怎样影响我们的生活@Awang luo da qu shi@f马建广,刘纯华著 |
| 210 | @a北京@c华文出版社@d2000 | |
| 215 | @a334页@d20cm | |
| 330 | @a本书回答了网络经济将怎样发展,将怎样影响我们的生活,我们身处“网络其间”,该如何应对,只有了解网络才能更好地利用和控制网络等问题。本书以通俗的方式介绍了计算机网络的知识,介绍了知识经济与网络的关系,讲述了网络经济的成因、发展和现状,并提醒人们怎样迎接网络经济的挑战与考验,如何发展具有中国特色的民族的网络经济。 | |
| 517 | 1 | @a网络怎样影响我们的生活 |
| 606 | 0 | @a互连网络@x影响@x社会生活 |
| 606 | 0 | @a互连网络 |
| 606 | 0 | @a社会生活 |
| 690 | @aG301@v4 | |
| 690 | @aTP393.4@v4 | |
| 701 | 0 | @a马建广@Ama jian guang@4著 |
| 701 | 0 | @a刘纯华@Aliu chun hua@4著 |
| 801 | 0 | @aCN@c20010702 |
| 905 | @aBZT@dG301@e2 | |
| 906 | @dCNY18.50@n0@r1 | |
| 网络大趋势:网络怎样影响我们的生活/马建广,刘纯华著.-北京:华文出版社,2000 |
| 334页;20cm |
| ISBN 7-5075-0045-4:CNY18.50 |
| 本书回答了网络经济将怎样发展,将怎样影响我们的生活,我们身处“网络其间”,该如何应对,只有了解网络才能更好地利用和控制网络等问题。本书以通俗的方式介绍了计算机网络的知识,介绍了知识经济与网络的关系,讲述了网络经济的成因、发展和现状,并提醒人们怎样迎接网络经济的挑战与考验,如何发展具有中国特色的民族的网络经济。 |
| ● |
| 相关链接 |
|
|
|
正题名:网络大趋势
索取号:G301/2
 
预约/预借
| 序号 | 登录号 | 条形码 | 馆藏地/架位号 | 状态 | 备注 |
| 1 | 411916 | 210413783 | 中心书库北库/ 北库033架A面2列6层30/ [索取号:G301/2] | 在馆 | |
| 2 | 411917 | 210413774 | 中心书库北库/ 北库033架A面2列6层28/ [索取号:G301/2] | 在馆 | |
| 3 | 411918 | 210413765 | 中心书库北库/ 北库033架A面2列6层27/ [索取号:G301/2] | 在馆 | |
| 4 | 411919 | 210413756 | 中心书库北库/ 北库033架A面2列6层24/ [索取号:G301/2] | 在馆 | |
| 5 | 411920 | 210413747 | 中心书库北库/ 北库033架A面2列6层29/ [索取号:G301/2] | 在馆 | |
| 6 | 411921 | 210413738 | 中心书库北库/ 北库033架A面2列6层23/ [索取号:G301/2] | 在馆 | |
| 7 | 411922 | 210413729 | 中心书库北库/ 北库033架A面2列6层22/ [索取号:G301/2] | 在馆 | |
| 8 | 411923 | 210413701 | 中心书库北库/ 北库033架A面2列6层25/ [索取号:G301/2] | 在馆 | |
| 9 | 411924 | 210413710 | 中心书库北库/ 北库033架A面2列6层26/ [索取号:G301/2] | 在馆 | |
| 10 | 411925 | 210413694 | 中心书库北库/ 北库033架A面2列6层21/ [索取号:G301/2] | 在馆 |